| 000 | 00940cab a2200241 4500 | ||
|---|---|---|---|
| 001 | WB3116-65 | ||
| 008 | 090401t1995 xxu||||| |||| 00| 0 eng d | ||
| 035 | _a(Sirsi) u57660 | ||
| 041 | _aeng | ||
| 245 | _aAccommodation not protected | ||
| 260 | _c1995 | ||
| 350 | _a0 | ||
| 490 |
_aIndependent _v19 April 1995, 27(1) |
||
| 520 | _aIn "Mohamed v Kensington and Chelsea Royal RBC", CA 30 March 1995, it was held that a person who occupied temporary bed and breakfast accommodation in a hotel while the housing authority investigated his application, as a homeless person in priority need, is not entitled to the protection of the Protection from Eviction Act 1977. | ||
| 650 | _aBED AND BREAKFAST ACCOMMODATION | ||
| 650 | _aHOMELESSNESS | ||
| 650 | _aHOUSING ACT 1985 | ||
| 650 | _aPROTECTION FROM EVICTION ACT 1977 | ||
| 650 | _aTEMPORARY ACCOMMODATION | ||
| 690 | _aHOUSING-CASE LAW | ||
| 942 | _n0 | ||
| 948 | _c04/03/1997 | ||
| 999 |
_c35183 _d35183 |
||